Central and Eastern European office market view (Record no. 107909)

MARC details
000 -LEADER
fixed length control field 01235cad a22002295a 4500
001 - CONTROL NUMBER
control field L142512
008 - FIXED-LENGTH DATA ELEMENTS--GENERAL INFORMATION
fixed length control field 080221s2007 xxkad f s 000 0 eng d
035 ## - SYSTEM CONTROL NUMBER
System control number (Sirsi) u142512
041 0# - LANGUAGE CODE
Language code of text/sound track or separate title eng
050 04 - LIBRARY OF CONGRESS CALL NUMBER
Classification number 333.33 $2 18
110 2# - MAIN ENTRY--CORPORATE NAME
Corporate name or jurisdiction name as entry element CB Richard Ellis
9 (RLIN) 3675
245 00 - TITLE STATEMENT
Title Central and Eastern European office market view
Remainder of title year end 2007
Medium [electronic resource]
260 ## - PUBLICATION, DISTRIBUTION, ETC.
Place of publication, distribution, etc. [S.l.]
Name of publisher, distributor, etc. CBRE
Date of publication, distribution, etc. 2007
490 #0 - SERIES STATEMENT
Series statement CB Richard Ellis Central and Eastern European Office Market View
Volume/sequential designation year end 2007
520 ## - SUMMARY, ETC.
Summary, etc. Reports that about 2.5 million square metres of modern office space was completed in the capital cities of Central and Eastern Europe in 2007. As a result, office stock increased by 1.7%. Finds that there was an overall vacancy rate of 6% at the year end; an all time low. Suggests that increases in prime rents in Moscow and Warsaw could be the beginning of a more widespread increase due to limited availability in some markets.
590 ## - LOCAL NOTE (RLIN)
Local note KA
650 24 - SUBJECT ADDED ENTRY--TOPICAL TERM
Topical term or geographic name entry element CB RICHARD ELLIS CENTRAL AND EASTERN EUROPEAN OFFICE MARKET VIEW
651 #4 - SUBJECT ADDED ENTRY--GEOGRAPHIC NAME
Geographic name Europe
690 ## - LOCAL SUBJECT ADDED ENTRY--TOPICAL TERM (OCLC, RLIN)
Topical term or geographic name as entry element PROPERTY-COMMERCIAL PROPERTY-COMMERCIAL PROPERTY MARKET
856 40 - ELECTRONIC LOCATION AND ACCESS
Uniform Resource Identifier <a href="https://www.cbre.co.uk">https://www.cbre.co.uk</a>
Public note View the report free of charge at www.cbre.co.uk...
942 ## - ADDED ENTRY ELEMENTS (KOHA)
Suppress in OPAC 0
Holdings
Withdrawn status Lost status Source of classification or shelving scheme Damaged status Not for loan Home library Current library Shelving location Date acquired Total Checkouts Full call number Barcode Date last seen Copy number Price effective from Koha item type
    Dewey Decimal Classification     Virtual Virtual Online 21/02/2008   L142512 142512-1001 06/08/2019 1 06/08/2019 Book